Anschlussstellen BAB 65 - Statistiken

Allgemein
  • Dieses Quiz wurde 12 mal gespielt
  • Das Durchschnittsergebnis liegt bei 13 aus 20
Antwortstatistiken
Hinweis Anschlussstelle % Korrekt
21 Kandel-Mitte
100%
20 Kandel-Nord
100%
22 Kandel-Süd
100%
15 Landau-Nord
100%
17 Landau-Süd
100%
16 Landau-Zentrum
100%
11 Deidesheim
67%
5 Dreieck Ludwigshafen
67%
10 Hassloch
67%
7 Kreuz Mutterstadt
67%
12 Neustadt/Weinstraße-Nord
67%
13 Neustadt/Weinstraße-Süd
67%
24 Wörther Kreuz
67%
8 Dannstadt-Schauernheim
33%
14 Edenkoben
33%
9 Hochdorf-Assenheim
33%
18 Insheim
33%
6 Mutterstadt-Nord
33%
19 Rohrbach
33%
23 Wörth-Dorschberg
33%
Keine übereinstimmenden Quizze gefunden
Verteilung der Resultate
Anzahl Personen mit jedem Resultat
Perzentil nach korrekt beantworteten Fragen
Ihre Resultats-Entwicklung
Sie haben dieses Quiz noch nicht gespielt